[Event "Titled Tue 10th Jun Late"]
[Site "chess.com INT"]
[Date "2025.06.10"]
[Round "7"]
[White "Urbina Quiroz, Edwin"]
[Black "Shafer, Logan C"]
[Result "1-0"]
[BlackTitle "CM"]
[WhiteElo "2041"]
[BlackElo "2217"]
[WhiteFideId "6500650"]
[BlackFideId "30993342"]
[EventDate "2025.06.10"]

1. d4 Nf6 2. g3 e6 3. Bg2 c5 4. Nf3 cxd4 5. Nxd4 d5 6. O-O e5 7. Nb3 Nc6 8. Bg5
Be6 9. Nc3 d4 10. Ne4 Be7 11. Nxf6+ Bxf6 12. Bxf6 Qxf6 13. Nc5 Qe7 14. Nxe6 Qxe6
15. c3 O-O 16. Bxc6 bxc6 17. cxd4 Rfd8 18. e3 c5 19. d5 Rxd5 20. Qb3 e4 21. Rad1
Rxd1 22. Rxd1 Qxb3 23. axb3 Kf8 24. Rd5 Rb8 25. Rxc5 Rxb3 26. Rc8+ Ke7 27. Rc7+
Ke6 28. Rxa7 Rxb2 29. h4 h6 30. g4 Rd2 31. Kg2 g6 32. Kg3 f5 33. h5 gxh5 34.
Ra6+ Ke5 35. gxh5 Rd6 36. Ra5+ Rd5 37. Ra6 Rd3 38. Ra5+ Rd5 39. Ra6 Rd1 40. Ra5+
Kf6 41. Kf4 Rh1 42. Rxf5+ Ke6 43. Kxe4 Rh4+ 44. f4 Rh1 45. Ra5 Re1 46. Ra6+ Kf7
47. Kf5 Rxe3 48. Ra7+ Kg8 49. Kg6 Re6+ 50. Kf5 Rb6 51. Rc7 Kh8 52. Re7 Kg8 53.
Re6 Rb1 54. Rxh6 Kg7 55. Rg6+ Kh7 56. Ra6 Rb5+ 57. Kf6 Rxh5 58. f5 Rh1 59. Kf7
Rb1 60. Ra7 Rf1 61. f6 Kh6 62. Ke7 Kg6 63. Ra6 Re1+ 64. Kf8 Rb1 65. f7+ Kh7 66.
Ra8 Re1 67. Re8 Rb1 68. Re7 Rb8+ 69. Re8 Rb7 70. Rd8 Rb1 71. Rd2 Rb8+ 72. Ke7
Rb7+ 73. Kf6 Rb6+ 74. Ke7 Rb7+ 75. Rd7 Rb6 76. f8=Q Rd6 77. Ke8+ Rxd7 78. Kxd7
Kg6 79. Qe8+ Kh7 80. Qe7+ Kg8 81. Qe6+ Kh8 82. Qg4 Kh7 83. Ke7 Kh6 84. Kf6 Kh7
85. Qg7# 1-0

[Event "Titled Tue 10th Jun Late"]
[Site "chess.com INT"]
[Date "2025.06.10"]
[Round "7"]
[White "Firouzja, Alireza"]
[Black "Nepomniachtchi, Ian"]
[Result "1/2-1/2"]
[WhiteTitle "GM"]
[BlackTitle "GM"]
[WhiteElo "2766"]
[BlackElo "2757"]
[WhiteFideId "12573981"]
[BlackFideId "4168119"]
[EventDate "2025.06.10"]

1. e4 e5 2. d4 exd4 3. Qxd4 Nc6 4. Qa4 Nf6 5. Nc3 Bc5 6. Bf4 d6 7. O-O-O Bd7 8.
f3 O-O 9. Qc4 a6 10. Bg5 b5 11. Qe2 h6 12. Bh4 Ne5 13. Qe1 c6 14. Nge2 a5 15.
Nd4 a4 16. Nce2 b4 17. Kb1 Re8 18. Nc1 Ng6 19. Bf2 Qb6 20. Qe3 d5 21. Nd3 dxe4
22. Nxc5 Qxc5 23. Qd2 Qe7 24. Bg3 c5 25. Ne2 b3 26. Nc3 Bf5 27. Qc1 exf3 28. Ka1
Bxc2 29. Re1 Qb7 30. Rxe8+ Rxe8 31. gxf3 a3 32. Bb5 axb2+ 33. Kxb2 Ra8 34. axb3
Bf5 35. Qe3 Nd5 36. Nxd5 Qxd5 37. Bc4 Qc6 38. Ra1 Qf6+ 39. Be5 Nxe5 40. Rxa8+
Kh7 41. Qc3 Nxc4+ 42. bxc4 Qc6 43. Ra1 Qd6 44. h4 Qh2+ 45. Ka3 Qxh4 46. Qe5 Qh3
47. Qxc5 Qxf3+ 48. Kb4 Bg6 49. Re1 Qg2 50. Re3 Qd2+ 51. Kb5 h5 52. Qe5 Qd7+ 53.
Kb6 Qd8+ 54. Kb5 f6 55. Qe6 Qb8+ 56. Ka5 Qa7+ 57. Kb5 Qd4 58. c5 Bd3+ 59. Kc6 f5
60. Qe5 Be4+ 61. Rxe4 Qxe4+ 62. Kd6 Qd3+ 63. Ke7 Qc2 64. Kd7 h4 65. c6 h3 66. c7
h2 67. c8=Q Qxc8+ 68. Kxc8 h1=Q 69. Qxf5+ Kh6 70. Qf4+ Kg6 71. Qg4+ Kh7 72. Qf5+
Kh6 73. Qf4+ g5 74. Qf8+ Kg6 75. Qg8+ Kf5 76. Qf7+ Kg4 77. Qe6+ Kf4 78. Qf6+ Kg4
79. Qe6+ Kg3 80. Qe5+ Kg4 81. Qe6+ 1/2-1/2

[Event "Titled Tue 10th Jun Late"]
[Site "chess.com INT"]
[Date "2025.06.10"]
[Round "7"]
[White "Perez, Maximiliano"]
[Black "Venskaya, Nika"]
[Result "1/2-1/2"]
[WhiteTitle "IM"]
[BlackTitle "WCM"]
[WhiteElo "2362"]
[BlackElo "1926"]
[WhiteFideId "117234"]
[BlackFideId "13523503"]
[EventDate "2025.06.10"]

1. Nf3 Nf6 2. g3 g6 3. Bg2 Bg7 4. O-O O-O 5. d3 d5 6. Nbd2 c5 7. e4 Nc6 8. Re1
e5 9. exd5 Nxd5 10. c3 Re8 11. Qb3 Nb6 12. Ne4 Be6 13. Qc2 c4 14. dxc4 Nxc4 15.
b3 Nb6 16. Bg5 f6 17. Rad1 Qe7 18. Be3 Red8 19. Bc5 Qc7 20. Bd6 Qf7 21. c4 h6
22. Nc5 Bf5 23. Qe2 Rxd6 24. Rxd6 Bf8 25. Nxb7 Qxb7 26. Rxf6 Nd7 27. Rxc6 Qxc6
28. Nxe5 Qc8 29. Bd5+ Kh7 30. g4 Nxe5 31. gxf5 Qxf5 32. Bxa8 Ng4 33. Bf3 Nf6 34.
Bg2 h5 35. Qf3 Qg5 36. Kf1 Bg7 37. Qg3 Ng4 38. h3 Be5 39. Rxe5 Qxe5 40. hxg4
Qa1+ 41. Ke2 Qxa2+ 42. Ke3 Qxb3+ 43. Kd4 Qb2+ 44. Qc3 Qxf2+ 45. Ke5 Qxg2 46.
gxh5 Qg5+ 47. Kd4 Qxh5 48. c5 Qh4+ 49. Kd5 Qd8+ 50. Kc4 Qg8+ 51. Kb4 Qb8+ 52.
Ka4 Qc7 53. c6 g5 54. Qc5 Kh6 55. Kb5 g4 56. Qe3+ Kh5 57. Qd4 g3 58. Qd5+ Kh4
59. Qd7 Qb6+ 60. Kc4 Qa6+ 61. Kd5 Qd3+ 62. Ke6 Qe4+ 63. Kd6 Qd4+ 64. Ke7 Qxd7+
65. cxd7 g2 66. d8=Q g1=Q 67. Qh8+ Kg3 68. Qe5+ Kf2 69. Qd4+ Kf1 70. Qd1+ Kg2
71. Qg4+ Kf1 72. Qd1+ Kf2 73. Qd4+ Kg2 74. Qxg1+ Kxg1 75. Kd6 Kf2 76. Kc5 Ke3
77. Kb5 Kd4 78. Ka6 Kc5 79. Kxa7 1/2-1/2

[Event "Titled Tue 10th Jun Late"]
[Site "chess.com INT"]
[Date "2025.06.10"]
[Round "7"]
[White "Vasquez Schroeder, Rodrigo"]
[Black "Makridis, Dimitrios"]
[Result "1/2-1/2"]
[WhiteTitle "GM"]
[BlackTitle "FM"]
[WhiteElo "2446"]
[BlackElo "2283"]
[WhiteFideId "3400042"]
[BlackFideId "25864475"]
[EventDate "2025.06.10"]

1. e4 c5 2. Nf3 d6 3. d4 cxd4 4. Nxd4 Nf6 5. Nc3 a6 6. Bg5 Nbd7 7. Bc4 Qb6 8.
Bb3 e6 9. Bxf6 Nxf6 10. Qd2 g6 11. O-O-O Bg7 12. f3 h5 13. Kb1 Qc5 14. Nde2 Ke7
15. g3 b5 16. a3 Bb7 17. Nf4 Rhd8 18. Rhe1 a5 19. Nd3 Qb6 20. Qg5 b4 21. Na4 Qc7
22. axb4 axb4 23. Qb5 Rdb8 24. Qb6 Qxb6 25. Nxb6 Ra6 26. Nc4 Rba8 27. Kc1 Bh6+
28. Ne3 d5 29. e5 Nd7 30. f4 d4 31. Nc4 Bf3 32. Nxb4 Ra1+ 33. Kd2 Rxd1+ 34. Rxd1
Bxd1 35. Kxd1 Ra1+ 36. Ke2 Rh1 37. h4 Nc5 38. Nc6+ Ke8 39. Nxd4 Nxb3 40. cxb3
Bf8 41. Nd2 Bb4 42. Ne4 Rb1 43. Kd3 Rxb2 44. Kc4 Be7 45. Nc6 Rc2+ 46. Kb5 Re2
47. Nd6+ Bxd6 48. exd6 Re3 49. b4 Kd7 50. Ne5+ Ke8 51. d7+ Ke7 52. Kc6 Rc3+ 53.
Kb6 f6 54. Nxg6+ Kxd7 55. f5 e5 56. b5 Rxg3 57. Kc5 Rc3+ 58. Kd5 Rc8 59. b6 Rc1
60. Nf8+ Ke7 61. Ne6 Kd7 62. Nc5+ Kc8 63. Kd6 Kb8 64. Kd5 Rh1 65. Nd7+ Kb7 66.
Nxf6 Rxh4 67. Kxe5 Rh1 68. Ne4 h4 69. Kf4 h3 70. Kg3 h2 71. Kg2 Re1 72. Ng3
h1=Q+ 73. Nxh1 Re5 74. Ng3 Rxf5 75. Nxf5 Kxb6 1/2-1/2

[Event "Titled Tue 10th Jun Late"]
[Site "chess.com INT"]
[Date "2025.06.10"]
[Round "7"]
[White "Pullela, Sricharan"]
[Black "Mullodzhanov, Nathaniel"]
[Result "1/2-1/2"]
[WhiteElo "2144"]
[BlackElo "1927"]
[WhiteFideId "30951089"]
[BlackFideId "30961580"]
[EventDate "2025.06.10"]

1. c4 Nf6 2. Nf3 g6 3. g3 Bg7 4. Bg2 O-O 5. O-O c5 6. d3 d6 7. Nc3 Nc6 8. Rb1
Rb8 9. a3 a6 10. b4 cxb4 11. axb4 b5 12. cxb5 axb5 13. Bd2 Bd7 14. e3 e6 15. Qe2
Qe7 16. d4 d5 17. Nxb5 Ne4 18. Nc3 Nxd2 19. Qxd2 Rxb4 20. Rxb4 Nxb4 21. Ne5 Rc8
22. Rb1 Bxe5 23. dxe5 Qc5 24. Ne2 Nc6 25. Rc1 Qa3 26. f4 Na5 27. Rxc8+ Bxc8 28.
Kf2 Nc4 29. Qc3 Qa2 30. e4 dxe4 31. Bxe4 Qa7+ 32. Qd4 Qc7 33. Nc3 Ba6 34. Kg2
Qa5 35. Kh3 Nb2 36. Bg2 Nd3 37. Ne4 Kg7 38. Nf6 h6 39. Bf1 Ne1 40. Bxa6 Qxa6 41.
Qf2 Nd3 42. Qe3 Qc4 43. Ne8+ Kf8 44. Nd6 Qc2 45. g4 Nf2+ 46. Kg3 Nh1+ 47. Kh3
Qd3 48. Qxd3 Nf2+ 49. Kg3 Nxd3 50. Ne4 Ke7 51. Nf6 g5 52. Ng8+ Kf8 53. Nxh6 Nxf4
54. h4 Ng6 55. hxg5 Nxe5 56. Kf4 Ng6+ 57. Ke4 Kg7 58. Nf5+ exf5+ 59. gxf5 Nf8
60. Ke5 Nh7 61. Kf4 Nf8 62. Kg4 Nd7 63. Kf4 Nc5 64. Ke5 Nd3+ 65. Ke4 Nf2+ 66.
Kf3 Nd3 67. Ke4 Nb4 68. Ke5 Nc6+ 69. Kd6 Nd8 70. Ke5 Nc6+ 71. Kf4 Nd4 72. Ke4
Nc6 73. Kd5 Ne7+ 74. Ke5 Ng8 75. Kf4 Kf8 76. Ke5 Ke7 77. Kd5 Kd7 78. Ke5 Ke7 79.
Kd5 Kf8 80. Ke5 Ne7 81. Kf4 Nd5+ 82. Ke4 Nb6 83. Ke5 Nd7+ 84. Kf4 Ke7 85. Ke4
Kd6 86. Kf4 Ne5 87. g6 Nxg6+ 88. fxg6 fxg6 89. Kg5 Ke5 90. Kxg6 1/2-1/2

[Event "Titled Tue 10th Jun Late"]
[Site "chess.com INT"]
[Date "2025.06.10"]
[Round "7"]
[White "Ghimoyan, Narek"]
[Black "Schnaider, Ilan"]
[Result "0-1"]
[WhiteTitle "CM"]
[BlackTitle "IM"]
[WhiteElo "2273"]
[BlackElo "2388"]
[WhiteFideId "13315412"]
[BlackFideId "169013"]
[EventDate "2025.06.10"]

1. d4 d5 2. c4 dxc4 3. Nf3 Nf6 4. e3 Bg4 5. Bxc4 e6 6. Nc3 Nc6 7. h3 Bh5 8. Be2
Bd6 9. O-O O-O 10. Nb5 Be7 11. Nc3 Bg6 12. b3 a6 13. Bb2 Nd5 14. Rc1 Nxc3 15.
Bxc3 Ba3 16. Ra1 Qe7 17. Qd2 Rad8 18. Bb2 Bb4 19. Bc3 Ba3 20. Bb2 e5 21. Bxa3
Qxa3 22. Qc3 exd4 23. Nxd4 Nxd4 24. exd4 Qd6 25. Bf3 c6 26. Rad1 Rfe8 27. d5 c5
28. Rfe1 h6 29. Rxe8+ Rxe8 30. Re1 Rxe1+ 31. Qxe1 Kf8 32. g3 b6 33. Kg2 f6 34.
Qc3 Bf7 35. Qd3 b5 36. h4 Ke7 37. Qe3+ Kf8 38. Qd3 Ke7 39. Qe3+ Kd7 40. Qd3 g6
41. h5 f5 42. a4 Qb6 43. axb5 axb5 44. Qe3 g5 45. b4 Kd6 46. Qc3 Bxd5 47. Qf6+
Be6 48. Qf8+ Kd7 49. bxc5 Qd8 50. c6+ Kc7 51. Qg7+ Kd6 52. Qd4+ Kc7 53. Qe5+ Qd6
54. Qg7+ Kd8 55. Qh8+ Kc7 56. Qg7+ Kd8 57. Kh2 g4 58. Bg2 f4 59. Qh8+ Kc7 60.
Qg7+ Kd8 61. gxf4 Qxf4+ 62. Kg1 Qc1+ 63. Kh2 Qf4+ 64. Kg1 b4 65. Qb7 b3 66. Qb6+
Qc7 67. Qd4+ Ke7 68. Qg7+ Kd6 69. Qxh6 Qb6 70. Qd2+ Ke7 71. Qg5+ Kd6 72. Qf4+
Ke7 73. Qg5+ Kd6 74. h6 b2 75. Qd2+ Ke7 76. Qg5+ Ke8 77. Qg6+ Bf7 78. Qb1 Ba2 0-1

[Event "Titled Tue 10th Jun Late"]
[Site "chess.com INT"]
[Date "2025.06.10"]
[Round "7"]
[White "Haug, Havard"]
[Black "George, Kevin"]
[Result "1/2-1/2"]
[WhiteTitle "FM"]
[BlackTitle "IM"]
[WhiteElo "2354"]
[BlackElo "2327"]
[WhiteFideId "1547887"]
[BlackFideId "10669515"]
[EventDate "2025.06.10"]

1. e4 e5 2. Nf3 Nf6 3. Nxe5 d6 4. Nf3 Nxe4 5. d3 Nf6 6. d4 d5 7. Bd3 Bd6 8. Qe2+
Qe7 9. Qxe7+ Kxe7 10. O-O Re8 11. Nc3 c6 12. Bg5 h6 13. Bh4 g5 14. Bg3 Bxg3 15.
hxg3 Be6 16. Rfe1 Nbd7 17. Ne5 Nxe5 18. Rxe5 Kd6 19. Rae1 Bd7 20. Nd1 Ng4 21.
Rxe8 Rxe8 22. Rxe8 Bxe8 23. f3 Nf6 24. Ne3 Bd7 25. Bf5 h5 26. Kf2 Be6 27. c3 Ng8
28. g4 hxg4 29. Bxg4 Ne7 30. Bxe6 Kxe6 31. g4 f5 32. gxf5+ Nxf5 33. Ng2 Nh4 34.
Ne1 Kf5 35. Nd3 Ng6 36. Nc5 b6 37. Nd3 g4 38. fxg4+ Kxg4 39. Nb4 Ne7 40. Ke3 Kf5
41. a4 Ke6 42. Nd3 Ng6 43. Nf4+ Nxf4 44. Kxf4 Kf6 45. Kg4 Kg6 46. Kf4 Kf6 47. b3
a6 48. c4 a5 49. c5 bxc5 50. dxc5 Ke6 51. Ke3 Kd7 52. Kd4 Kc7 53. Ke5 Kb7 54.
Kf4 Kc7 55. Kf5 Kd7 56. Ke5 Kc7 57. Kd4 Kd7 58. Kc3 Kc7 59. b4 axb4+ 60. Kxb4
Kb7 61. Ka3 Ka7 62. Kb3 Ka6 63. Kb4 Kb7 64. Ka5 Ka7 65. Kb4 Ka6 66. a5 d4 67.
Ka4 d3 68. Kb3 Kxa5 69. Kc3 Kb5 70. Kxd3 Kxc5 71. Kc3 Kd5 72. Kd3 Kc5 73. Kc3
Kb5 74. Kb3 c5 75. Kc3 Kb6 76. Kc4 Kc6 77. Kb3 Kb5 78. Kc3 Ka5 79. Kb3 Kb6 80.
Kb2 Kc6 81. Kc2 Kd5 82. Kd3 c4+ 83. Kc2 Kc5 84. Kc3 Kb5 85. Kb2 Kb4 86. Kc2 c3
87. Kc1 Ka3 88. Kc2 Kb4 89. Kc1 Kc4 90. Kc2 Kd4 91. Kc1 Kd3 92. Kd1 Kc4 93. Kc2
Kd4 94. Kc1 Kc4 95. Kc2 1/2-1/2

[Event "Titled Tue 10th Jun Late"]
[Site "chess.com INT"]
[Date "2025.06.10"]
[Round "7"]
[White "Ambartsumova, Karina"]
[Black "Zhukovskyi, Oleksandr"]
[Result "1-0"]
[WhiteTitle "IM"]
[BlackTitle "CM"]
[WhiteElo "2403"]
[BlackElo "2145"]
[WhiteFideId "4166299"]
[BlackFideId "14169371"]
[EventDate "2025.06.10"]

1. Nf3 Nf6 2. c4 c6 3. Nc3 d5 4. e3 g6 5. d4 Bg7 6. Be2 O-O 7. O-O Bg4 8. h3
Bxf3 9. Bxf3 Re8 10. cxd5 cxd5 11. Qb3 e6 12. Qxb7 Nbd7 13. Qa6 Qe7 14. b3 Bf8
15. Nb5 Nb8 16. Qa4 a6 17. Bd2 Qd7 18. Nc3 Qb7 19. Rfc1 Nbd7 20. Ne2 Rec8 21.
Qa5 Bd6 22. Rxc8+ Rxc8 23. Rc1 Ne4 24. Bxe4 dxe4 25. Rxc8+ Qxc8 26. Qc3 Qb8 27.
Qc4 Qb7 28. Ba5 Nf6 29. Nc3 Kg7 30. a4 Nd5 31. Nxe4 Nxe3 32. fxe3 Qxe4 33. Bd2
Bg3 34. Qc1 Qf5 35. b4 Qf2+ 36. Kh1 Qe2 37. Bc3 f6 38. d5 exd5 39. Bd4 Bf2 40.
Qa1 Kh6 41. Bxf6 Bxe3 42. Bg7+ Kh5 43. Bf6 Bg5 44. Bxg5 Kxg5 45. Qd4 Qe4 46.
Qd2+ Kf5 47. b5 Qxa4 48. b6 Qb5 49. Qf2+ Ke6 50. Qd4 Qb1+ 51. Kh2 Qb5 52. Kh1
Kd6 53. Kh2 Kc6 54. Qf6+ Kb7 55. Qg7+ Kxb6 56. Qxh7 Qc6 57. Qh6 Qd6+ 58. Kh1 d4
59. Qd2 d3 60. g4 Kc5 61. Qc3+ Kb5 62. Qb3+ Kc6 63. Qc3+ Qc5 64. Qf6+ Qd6 65.
Qc3+ Qc5 66. Qf6+ Kb5 67. Qb2+ Kc4 68. Qc1+ Kd5 69. Qg5+ Kd4 70. Qf4+ Kc3 71.
Qc1+ Kb4 72. Qd2+ Kc4 73. Qc1+ Kb5 74. Qb1+ Qb4 75. Qxd3+ Qc4 76. Qxg6 Qd5+ 77.
Kh2 a5 78. Qf5 Qxf5 79. gxf5 Kc5 80. h4 Kd6 81. h5 a4 82. h6 a3 83. h7 a2 84.
h8=Q a1=Q 85. Qxa1 Ke7 86. Qg1 Kf6 87. Kg3 Kxf5 88. Kf3 Ke6 89. Qg5 Kd7 90. Ke4
Kc7 91. Qf6 Kb7 92. Qd6 Ka7 93. Qc6 Kb8 94. Qd7 1-0

[Event "Titled Tue 10th Jun Late"]
[Site "chess.com INT"]
[Date "2025.06.10"]
[Round "8"]
[White "Venskaya, Nika"]
[Black "Manukyan, Sargis A."]
[Result "0-1"]
[WhiteTitle "WCM"]
[BlackTitle "FM"]
[WhiteElo "1926"]
[BlackElo "2294"]
[WhiteFideId "13523503"]
[BlackFideId "13303970"]
[EventDate "2025.06.10"]

1. d4 d5 2. Nf3 Nf6 3. g3 e6 4. Bg2 Be7 5. O-O O-O 6. c4 dxc4 7. Qc2 a6 8. a4 c5
9. dxc5 Bxc5 10. Qxc4 Nbd7 11. Bg5 b5 12. Qc2 Bb7 13. Rd1 Qc8 14. axb5 Bxf2+ 15.
Kxf2 Qxc2 16. Na3 Qc5+ 17. Be3 Ng4+ 0-1

[Event "Titled Tue 10th Jun Late"]
[Site "chess.com INT"]
[Date "2025.06.10"]
[Round "8"]
[White "Morris-Suzuki, Alan H"]
[Black "Radchenko, Alexey"]
[Result "1-0"]
[BlackTitle "FM"]
[WhiteElo "1987"]
[BlackElo "2290"]
[WhiteFideId "30933218"]
[BlackFideId "4192362"]
[EventDate "2025.06.10"]

1. g3 d5 2. Bg2 c6 3. b3 Nf6 4. Bb2 Nbd7 5. Nf3 Qc7 6. d4 e6 7. O-O Bd6 8. c4
O-O 9. Nc3 Re8 10. Rc1 Qd8 11. Qc2 b6 12. e4 dxe4 13. Nxe4 Nxe4 14. Qxe4 Bb7 15.
Rcd1 Qc7 16. Qd3 c5 17. dxc5 Be5 18. Qxd7 Qxd7 19. Rxd7 Bxf3 20. Bxf3 Bxb2 21.
Bxa8 Rxa8 22. Rfd1 Bf6 1-0

[Event "Titled Tue 10th Jun Late"]
[Site "chess.com INT"]
[Date "2025.06.10"]
[Round "8"]
[White "Aliyev, Elnur"]
[Black "Maglioni, Leonardo"]
[Result "1-0"]
[WhiteTitle "CM"]
[WhiteElo "2123"]
[BlackElo "2069"]
[WhiteFideId "13402617"]
[BlackFideId "2896830"]
[EventDate "2025.06.10"]

1. e4 e5 2. Nf3 Nc6 3. Bb5 a6 4. Bxc6 dxc6 5. O-O f6 6. d4 exd4 7. Nxd4 c5 8.
Ne2 Qxd1 9. Rxd1 Bd6 10. Nbc3 Bd7 11. Bf4 Bxf4 12. Nxf4 Ne7 13. Rd2 O-O-O 14.
Rad1 g6 15. Ncd5 Nxd5 16. Nxd5 Rhf8 17. Ne7+ 1-0

[Event "Titled Tue 10th Jun Late"]
[Site "chess.com INT"]
[Date "2025.06.10"]
[Round "8"]
[White "Garcia Cuenca, Victor"]
[Black "Stojanovski, Sandi"]
[Result "0-1"]
[WhiteTitle "FM"]
[BlackTitle "FM"]
[WhiteElo "2284"]
[BlackElo "2169"]
[WhiteFideId "2250829"]
[BlackFideId "1403249"]
[EventDate "2025.06.10"]

1. Nf3 d6 2. e3 Nf6 3. d4 g6 4. b3 Bg7 5. Bb2 O-O 6. Nbd2 a5 7. a3 b6 8. e4 Bb7
9. Bd3 e6 10. O-O c5 11. Qe2 Nc6 12. Rad1 Nh5 13. g3 Nxd4 14. Nxd4 cxd4 15. Nf3
e5 16. c3 dxc3 17. Bxc3 Qc8 18. Bc4 b5 0-1

[Event "Titled Tue 10th Jun Late"]
[Site "chess.com INT"]
[Date "2025.06.10"]
[Round "8"]
[White "Deng, Henry"]
[Black "Cigan, Jason"]
[Result "1-0"]
[WhiteTitle "FM"]
[WhiteElo "2327"]
[BlackElo "2123"]
[WhiteFideId "30965454"]
[BlackFideId "2064022"]
[EventDate "2025.06.10"]

1. Nf3 d5 2. b3 Bg4 3. Bb2 e6 4. e3 Nd7 5. h3 Bh5 6. Be2 h6 7. O-O Ngf6 8. c4 c6
9. Nc3 Bd6 10. d3 O-O 11. Rc1 Qe7 12. Nd2 Bxe2 13. Qxe2 a6 14. Rc2 e5 15. cxd5
cxd5 16. e4 d4 17. Ncb1 b5 18. Nf3 Nh5 19. g3 Rfc8 20. Rfc1 Nb6 21. Nh4 g6 22.
Nf5 Qf6 23. Nxh6+ Kh7 24. Ng4 Qe6 25. Kg2 Ng7 26. Qd2 Kg8 27. Qg5 Ne8 28. Ba3
Kg7 29. Bxd6 f6 30. Qh6+ 1-0

[Event "Titled Tue 10th Jun Late"]
[Site "chess.com INT"]
[Date "2025.06.10"]
[Round "8"]
[White "Lacasa Diaz, Josep Anton"]
[Black "Vila Dupla, Aurelio"]
[Result "0-1"]
[WhiteTitle "IM"]
[BlackTitle "FM"]
[WhiteElo "2315"]
[BlackElo "2056"]
[WhiteFideId "2203375"]
[BlackFideId "2203383"]
[EventDate "2025.06.10"]

1. e4 c5 2. Nf3 d6 3. d4 cxd4 4. Nxd4 Nf6 5. Nc3 g6 6. Be3 Bg7 7. f3 O-O 8. Qd2
Nc6 9. O-O-O Nxd4 10. Bxd4 Be6 11. g4 Qa5 12. Kb1 Rfc8 13. Nd5 Qxd2 14. Nxf6+
Bxf6 15. Rxd2 Kg7 16. Bxf6+ Kxf6 17. h4 h6 18. Bb5 Ke5 19. Ba4 Kf4 20. Rf1 g5
21. hxg5 hxg5 22. Bb3 Rh8 23. Bxe6 fxe6 24. e5 Kxe5 25. f4+ gxf4 26. Re2+ Kf6
27. Rxf4+ Kg5 28. Rf7 Rh1+ 0-1

[Event "Titled Tue 10th Jun Late"]
[Site "chess.com INT"]
[Date "2025.06.10"]
[Round "8"]
[White "Bratovic, Blaz"]
[Black "Perez Rojas, Jorge"]
[Result "1-0"]
[WhiteTitle "IM"]
[BlackTitle "FM"]
[WhiteElo "2319"]
[BlackElo "2100"]
[WhiteFideId "14603551"]
[BlackFideId "3452093"]
[EventDate "2025.06.10"]

1. e4 e6 2. d4 d5 3. e5 c5 4. c3 Nc6 5. Nf3 Bd7 6. Bd3 Qb6 7. dxc5 Bxc5 8. O-O
a5 9. Nbd2 Nge7 10. Nb3 Ng6 11. Qe2 Be7 12. Be3 Qc7 13. Bc5 Ngxe5 14. Bxe7 Nxf3+
15. Qxf3 Nxe7 16. Nd4 O-O 17. h4 Rfe8 18. h5 e5 19. Nf5 e4 20. Nxe7+ Rxe7 21.
Qe2 Rae8 22. Bb5 Qe5 23. Bxd7 Rxd7 24. h6 gxh6 25. Qg4+ 1-0

[Event "Titled Tue 10th Jun Late"]
[Site "chess.com INT"]
[Date "2025.06.10"]
[Round "8"]
[White "Pica, Eleni"]
[Black "Clawitter, Craig"]
[Result "0-1"]
[WhiteTitle "WCM"]
[WhiteElo "1686"]
[BlackElo "2050"]
[WhiteFideId "5910005"]
[BlackFideId "2023105"]
[EventDate "2025.06.10"]

1. d4 e6 2. c4 Nf6 3. Nc3 d5 4. Bg5 dxc4 5. e4 c5 6. e5 h6 7. Bxf6 gxf6 8. exf6
cxd4 9. Ne4 Qa5+ 10. Qd2 Bb4 11. Nc3 dxc3 0-1

[Event "Titled Tue 10th Jun Late"]
[Site "chess.com INT"]
[Date "2025.06.10"]
[Round "8"]
[White "Khanbutaev, Artemii"]
[Black "Mullodzhanov, Nathaniel"]
[Result "0-1"]
[WhiteElo "2139"]
[BlackElo "1927"]
[WhiteFideId "55747175"]
[BlackFideId "30961580"]
[EventDate "2025.06.10"]

1. d4 Nf6 2. c4 g6 3. Nc3 Bg7 4. e4 d6 5. Be2 O-O 6. Be3 e5 7. d5 a5 8. g4 Na6
9. h4 Nc5 10. f3 c6 11. h5 cxd5 12. cxd5 a4 13. Qd2 b5 14. Bxb5 Ba6 15. Bxa6
Rxa6 16. h6 Bh8 17. Nge2 Nfd7 18. Kf2 Nb6 19. Bxc5 dxc5 20. b3 Bf6 21. Qd3 Ra5
22. Rhb1 Bh4+ 23. Kg2 Qg5 24. b4 c4 25. Qc2 Raa8 26. Qc1 Qd8 27. Qh1 f5 28. gxf5
gxf5 29. Rg1 fxe4 30. Kh3+ Kh8 31. fxe4 Bf2 32. Qg2 Qh4# 0-1

[Event "Titled Tue 10th Jun Late"]
[Site "chess.com INT"]
[Date "2025.06.10"]
[Round "8"]
[White "Craciun, Sasha-Matei"]
[Black "Shandrygin, Nikita"]
[Result "0-1"]
[WhiteTitle "FM"]
[BlackTitle "FM"]
[WhiteElo "2320"]
[BlackElo "2209"]
[WhiteFideId "1281186"]
[BlackFideId "24198668"]
[EventDate "2025.06.10"]

1. e4 c5 2. Nf3 e6 3. d4 cxd4 4. Nxd4 Nf6 5. Nc3 Nc6 6. Ndb5 Bb4 7. Bf4 Nxe4 8.
Nc7+ Kf8 9. Qd3 Qf6 10. Qxe4 Bxc3+ 11. Kd1 Bxb2 12. Rb1 Rb8 13. Nd5 exd5 14.
Bd6+ Qxd6 0-1

[Event "Titled Tue 10th Jun Late"]
[Site "chess.com INT"]
[Date "2025.06.10"]
[Round "8"]
[White "Marino Bravo, Miguel Angel"]
[Black "Krzywda, Andrzej"]
[Result "0-1"]
[WhiteTitle "CM"]
[BlackTitle "CM"]
[WhiteElo "2134"]
[BlackElo "2175"]
[WhiteFideId "2208970"]
[BlackFideId "1114565"]
[EventDate "2025.06.10"]

1. d4 Nf6 2. Bf4 g6 3. Nc3 d5 4. e3 c6 5. h4 h5 6. Be2 Bg7 7. Nf3 Bg4 8. Ne5
Bxe2 9. Qxe2 Nfd7 10. g4 Nxe5 11. dxe5 e6 12. gxh5 Rxh5 13. Bg5 Qxg5 14. hxg5
Rxh1+ 15. Kd2 Rxa1 16. Qf3 Nd7 17. Qh3 Nxe5 18. b3 Rd8 19. f4 Nd7 20. a4 Nc5 21.
Qh7 Kf8 22. Qh2 Ne4+ 23. Nxe4 dxe4+ 24. Ke2 Rad1 0-1

[Event "Titled Tue 10th Jun Late"]
[Site "chess.com INT"]
[Date "2025.06.10"]
[Round "8"]
[White "Jakovljevic, Dejan"]
[Black "Fernandes, Rogerio Paulo Muller"]
[Result "0-1"]
[WhiteTitle "CM"]
[WhiteElo "1956"]
[BlackElo "2241"]
[WhiteFideId "949418"]
[BlackFideId "2101599"]
[EventDate "2025.06.10"]

1. e4 e6 2. d4 d5 3. e5 c5 4. c3 Nc6 5. Nf3 Qb6 6. a3 cxd4 7. cxd4 Nh6 8. b4 Nf5
9. Bb2 Be7 10. Be2 O-O 11. O-O f6 12. Bd3 fxe5 13. Bxf5 Rxf5 14. dxe5 Bd7 15.
Re1 Raf8 16. Nbd2 Be8 17. Qb3 Bh5 18. Rad1 Bg5 19. Nxg5 Bxd1 20. Qxd1 Qxf2+ 21.
Kh1 Rxg5 0-1

[Event "Titled Tue 10th Jun Late"]
[Site "chess.com INT"]
[Date "2025.06.10"]
[Round "8"]
[White "Platzgummer, Fabian"]
[Black "Naroditsky, Daniel"]
[Result "0-1"]
[WhiteTitle "IM"]
[BlackTitle "GM"]
[WhiteElo "2293"]
[BlackElo "2619"]
[WhiteFideId "1617222"]
[BlackFideId "2026961"]
[EventDate "2025.06.10"]

1. Nf3 Nf6 2. g3 g6 3. Bg2 Bg7 4. O-O O-O 5. c4 c6 6. Nc3 d6 7. d4 Nbd7 8. h3 e5
9. e4 Qa5 10. d5 cxd5 11. cxd5 Nc5 12. Ne1 b5 13. Nd3 Nxd3 14. Qxd3 b4 15. Qb5
Qxb5 16. Nxb5 Ba6 17. Nxd6 Rfd8 18. Nxf7 Kxf7 19. Re1 Rac8 20. f4 Nh5 21. g4
Nxf4 22. Bxf4 exf4 23. e5 Rc2 24. Rad1 Be2 25. Rd4 f3 26. Rf4+ Kg8 27. Bxf3 Bxf3
28. Rxf3 Rxd5 29. e6 Rdd2 30. e7 Bd4+ 31. Kf1 Rf2+ 32. Rxf2 Rxf2+ 33. Kg1 Re2+
34. Kf1 Rxe1+ 35. Kxe1 Kf7 36. Kd2 Kxe7 0-1